| 000 | 00925nas a2200289 4500 | ||
|---|---|---|---|
| 001 | BR2012001161 | ||
| 003 | BR-BrBNA | ||
| 005 | 20231205120202.0 | ||
| 007 | ta | ||
| 008 | 230509b bl.|||p| |||| 00| 00por d | ||
| 040 |
_aBR-BrBNA _bpor _cBiblioteca Nacional de Agricultura |
||
| 041 | _a(Pt) | ||
| 072 | _aF04 | ||
| 100 | 1 | _aCastro, A.M.C. e | |
| 100 | 1 | _aBoaro, C.S.F. | |
| 100 | 1 | _aFerreira, G. | |
| 100 | 1 | _aRodrigues, J.D. | |
| 245 | 1 | _aBiossólidos na composição de substratos para produção de crisântemo | |
| 246 | 1 | _aBiossolids in the composition of substratum for production of chrysanthemum | |
| 650 | _aCRISÂNTEMO | ||
| 650 | _aADUBAÇÃO | ||
| 650 | _aSUBSTRATO DE CULTURA | ||
| 650 | _aPRODUÇÃO VEGETAL | ||
| 773 | 0 |
_tRevista Científica Rural (Brazil) _xISSN 1413-8263 _g(Nov 2011), v. 13(1) p. 57-69 _wBR2012001161 |
|
| 909 |
_a202311 _bLúcia _c55 _dLúcia Elande |
||
| 942 |
_2AGRIS _n0 _cANA |
||
| 999 |
_c217350 _d217350 |
||